Najvýznamnejšie medzinárodné ekonomické organizácie 21. storočia diplomová práca

Gespeichert in:
Bibliographische Detailangaben
1. Verfasser: Pavčová, Monika
Körperschaft: Obchodná fakulta EU. Katedra medzinárodného obchodu
Weitere Verfasser: Sopková, Gabriela
Format: Buch
Sprache:Slowakisch
Veröffentlicht: Bratislava 2017
Tags: Tag hinzufügen
Keine Tags, Fügen Sie das erste Tag hinzu!

MARC

LEADER 00000nbm a2200000 4500
001 0230632
005 20170927112538.6
041 0 |a slo 
044 |a SK 
245 1 0 |a Najvýznamnejšie medzinárodné ekonomické organizácie 21. storočia  |b diplomová práca  |c Monika Pavčová ; školiteľ: Gabriela Sopková 
264 1 |a Bratislava  |c 2017 
300 |a 72 s. 
100 1 |a Pavčová, Monika 
700 1 |a Sopková, Gabriela 
710 2 |a Obchodná fakulta EU. Katedra medzinárodného obchodu